A tourism development plan for the manila zoological and botanical garden / (Record no. 329728)
[ view plain ]
| 000 -LEADER | |
|---|---|
| fixed length control field | 00652nam a2200205Ia 4500 |
| 008 - FIXED-LENGTH DATA ELEMENTS--GENERAL INFORMATION | |
| fixed length control field | 170504s9999 xx 000 0 und d |
| 050 ## - LIBRARY OF CONGRESS CALL NUMBER | |
| Classification number | HD 30.28 |
| 050 ## - LIBRARY OF CONGRESS CALL NUMBER | |
| Item number | .Il27 2016 |
| 100 ## - MAIN ENTRY--PERSONAL NAME | |
| Personal name | Ilago, Kent Mozart. |
| 245 #2 - TITLE STATEMENT | |
| Title | A tourism development plan for the manila zoological and botanical garden / |
| 245 ## - TITLE STATEMENT | |
| Statement of responsibility, etc | Kent Mozart Ilago, Sushila Maxelle Quilat, Mary Rosebelle Reyes, Marvelyn Talamayan. |
| 260 ## - PUBLICATION, DISTRIBUTION, ETC. (IMPRINT) | |
| Place of publication, distribution, etc | Las Piñas, Philippines : |
| 260 ## - PUBLICATION, DISTRIBUTION, ETC. (IMPRINT) | |
| Name of publisher, distributor, etc | SISC, |
| 260 ## - PUBLICATION, DISTRIBUTION, ETC. (IMPRINT) | |
| Date of publication, distribution, etc | 2016. |
| 300 ## - PHYSICAL DESCRIPTION | |
| Extent | 85 pages : |
| 300 ## - PHYSICAL DESCRIPTION | |
| Other physical details | illustrations ; |
| 300 ## - PHYSICAL DESCRIPTION | |
| Dimensions | 28 cm. |
| 500 ## - GENERAL NOTE | |
| General note | Includes bibliographical references and appendices. |
| 521 ## - TARGET AUDIENCE NOTE | |
| Target audience note | Tourism |
No items available.